000
00313nam a2200109Ia 4500
008
200302s9999 xx 000 0 und d
100
_a
Jon Lang
245
_a
Urban Design a Typology of Procedures and Products Illustrated with Over 50 Case Studies
260
_b
Architectural Press
260
_c
2005
300
_a
419
999
_c
5258
_d
5258